Текст томруулах:    
Consumer behavior (Бичлэгийн дугаар. 146074)
000 -УДИРДЛАГА
Удирдлага 01016nam a22003137a 4500
003 - ХЯНАЛТЫН ТОО ТОДОРХОЙЛОГЧ
Код MN-UlNUM
005 - БИЧИЛТ ХИЙСЭН ОГНОО
Тухайн бичилтийг бичсэн засварласан сүүлийн огноо 20260103200051.0
008 - ЕРӨНХИЙ МЭДЭЭЛЭЛ
Ерөнхий мэдээлэл 160927s2010 njua b 001 0 eng
020 ## - ISBN
ISBN 9780137006700
040 ## - БИЧЛЭГ ҮҮСГЭГЧ БАЙГУУЛЛАГА
Бичлэг үүсгэгч номын сангийн код МУИС-ийн номын сан
084 ## - ББК АНГИЛАЛ
Нэмэлт тусгалт Гарын авлага
ББК ангилал 65.290-2
Зохиогчийн гурван тэмдэгт S 32
Мэдлэгийн ялгаа 65 - Эдийн засаг
100 1# - ЗОХИОГЧ
Зохиогчийн нэр Schiffman, Leon G.
245 ## - ҮНДСЭН ГАРЧИГ
Номын нэр Consumer behavior
Оролцогчдын тухай мэдээ Leon G. Schiffman, Leslie Lazar Kanuk ; in collaboration with Joseph Wisenblit.
250 ## - ДАХИН ХЭВЛЭЛТ
Дахин гаралтын дугаар 10th ed.
260 ## - ГАРАЛТЫН МЭДЭЭ
Хэвлэгдсэн газар Upper Saddle River, N.J.
Хэвлэлийн газар Pearson Education/Prentice Hall
Хэвлэгдсэн он 2010
300 ## - МАТЕРИАЛЫН ТОДОРХОЙЛОЛТ
хуудасны тоо 592 p.
Бусад тоон мэдээлэл ill. (some col.)
Хэмжээ 29 cm.
500 ## - Тайлбар
Дансны дугаар БС 6001
546 ## - ХЭЛНИЙ ТУХАЙ МЭДЭЭ
Хэл Англи хэл дээр,
653 ## - Түлхүүр үг
Түлхүүр үг consumer behavior
653 ## - Түлхүүр үг
Түлхүүр үг motivation research
653 ## - Түлхүүр үг
Түлхүүр үг marketing
700 1# - ХАМ ЗОХИОГЧИД
Ба бус Kanuk, Leslie Lazar
700 1# - ХАМ ЗОХИОГЧИД
Ба бус Wisenblit, Joseph
740 ## - НОМЫН ГАРЧИГ
Гарчиг The consumer as an individual
740 ## - НОМЫН ГАРЧИГ
Гарчиг Consumers in their social and cultural settings
740 ## - НОМЫН ГАРЧИГ
Гарчиг The consumer's decision-making process and ethical dimensions
942 ## - ЭЛЕМЕНТИЙН ТӨРӨЛ
Зүйлийн төрөл Ном